Первопринципное исследование атомной и электронной структуры низкоиндексных поверхностей бета-сплава Ti-40 ат. % Nb; Перспективы развития фундаментальных наук; Т. 1 : Физика

Podrobná bibliografie
Parent link:Перспективы развития фундаментальных наук=Prospects of Fundamental Sciences Development: сборник научных трудов XXI Международной конференции студентов, аспирантов и молодых ученых, г. Томск, 23-26 апреля 2024 г./ Национальный исследовательский Томский политехнический университет ; под ред. И. А. Курзиной [и др.].— .— Томск: Изд-во ТПУ
Т. 1 : Физика.— 2024.— С. 148-150
Hlavní autor: Дурягин В. И.
Korporativní autor: Национальный исследовательский Томский политехнический университет (570)
Další autoři: Апанасевич А. И. (научный руководитель), Грубова И. Ю. Ирина Юрьевна
Shrnutí:Заглавие с экрана
Based on DFT calculations the cohesive energy and surface energy of Ti-40 at. % Nb (100), (110), and (111) were determined. This study revealed that substituting Ti atoms with Nb atoms not only enhances the stability of the bcc structure but also increases the chemical activity of the Ti-40Nb alloy.
Текстовый файл
Jazyk:ruština
Vydáno: 2024
Témata:
On-line přístup:http://earchive.tpu.ru/handle/11683/80569
Médium: MixedMaterials Elektronický zdroj Kapitola
KOHA link:https://koha.lib.tpu.ru/cgi-bin/koha/opac-detail.pl?biblionumber=674412

MARC

LEADER 00000naa2a2200000 4500
001 674412
005 20241007132807.0
090 |a 674412 
100 |a 20240908d2024 k||y0rusy50 ca 
101 0 |a rus 
102 |a RU 
135 |a drcn ---uucaa 
200 1 |a Первопринципное исследование атомной и электронной структуры низкоиндексных поверхностей бета-сплава Ti-40 ат. % Nb  |d First-principle study of the atomic and electronic structure of low-index surfaces of β-type Ti-40 аt.% Nb alloy  |f В. И. Дурягин, А. И. Апанасевич  |g науч. рук. И. Ю. Грубова ; Национальный исследовательский Томский политехнический университет  |z eng 
300 |a Заглавие с экрана 
320 |a Список литературы: 3 назв. 
330 |a Based on DFT calculations the cohesive energy and surface energy of Ti-40 at. % Nb (100), (110), and (111) were determined. This study revealed that substituting Ti atoms with Nb atoms not only enhances the stability of the bcc structure but also increases the chemical activity of the Ti-40Nb alloy. 
336 |a Текстовый файл 
461 1 |0 674010  |t Перспективы развития фундаментальных наук  |l Prospects of Fundamental Sciences Development  |o сборник научных трудов XXI Международной конференции студентов, аспирантов и молодых ученых, г. Томск, 23-26 апреля 2024 г.  |9 674010  |c Томск  |n Изд-во ТПУ  |f Национальный исследовательский Томский политехнический университет ; под ред. И. А. Курзиной [и др.] 
463 1 |0 674235  |t Т. 1 : Физика  |v С. 148-150  |d 2024  |9 674235  |p 1 файл (66,9 MB, 392 с.)  |u conference_tpu-2024-C21_V1.pdf  |l Vol. 1 : Physics 
610 1 |a труды учёных ТПУ 
610 1 |a электронный ресурс 
610 1 |a сплавы β-Ti-Nb 
610 1 |a теория функционала плотности 
610 1 |a электронная структура 
610 1 |a поверхностная энергия 
610 1 |a энергия сцепления 
700 1 |a Дурягин  |b В. И.  
701 1 |a Апанасевич  |b А. И. 
702 1 |a Грубова  |b И. Ю.  |c физик  |c инженер-исследователь Томского политехнического университета  |f 1989-  |g Ирина Юрьевна  |4 727 
712 0 2 |a Национальный исследовательский Томский политехнический университет  |c (2009- )  |9 26305  |4 570 
801 0 |a RU  |b 63413507  |c 20240908  |g RCR 
856 4 |z http://earchive.tpu.ru/handle/11683/80569  |u http://earchive.tpu.ru/handle/11683/80569 
942 |c CF